| 000 | 00512nam a22001577a 4500 | ||
|---|---|---|---|
| 999 |
_c535178 _d535178 |
||
| 020 | _qHard Cover. | ||
| 082 | _a307.1 | ||
| 100 | _aHussain, Syed Mujahid | ||
| 245 |
_aEmerging challenges in land use regulation system of murree, Pakistan / _cSyed Mujahid Hussain |
||
| 260 |
_aIslamabad : _bSCEE - NUST, _c2016. |
||
| 300 | _c30cm. | ||
| 942 |
_2ddc _cTHE |
||
| 650 |
_aMS Thesis Urban & Regional Planning _929597 |
||
| 700 |
_aDr. Abdul Waheed. _916525 |
||